[Event "Pan American-ch School U13"]
[Site "Medellin"]
[Date "2019.11.16"]
[Round "7"]
[White "Gonzalez Perez, Juan Pablo"]
[Black "Guarin Fonseca, Nobel Alfredo"]
[Result "1/2-1/2"]
[WhiteElo "1515"]
[BlackElo "1701"]
[PlyCount "100"]
[EventDate "2019.11.12"]
[EventType "swiss"]
[EventRounds "9"]
[EventCountry "COL"]
[SourceTitle "CBM 193 Extra"]
[Source "ChessBase"]
[SourceDate "2020.01.31"]
[SourceVersion "1"]
[SourceVersionDate "2020.01.31"]
[SourceQuality "1"]

1. e4 e6 2. d4 d5 3. Nc3 Nf6 4. e5 Nfd7 5. Qg4 a6 6. Bg5 h5 7. Bxd8 hxg4 8. Bxc7 Nc6 9. 0-0-0 f5 10. exf6 gxf6 11. Bg3 b5 12. a3 Bb7 13. Nge2 Rc8 14. Nf4 Kf7 15. Be2 f5 16. Rhe1 Bg7 17. Nxe6 Kxe6 18. Bxg4+ Kf6 19. Nxd5+ Kg5 20. Bf3 Rhe8 21. c3 Kh6 22. Bf4+ Kh7 23. Rxe8 Rxe8 24. Ne3 Kg6 25. Be2 Na5 26. b4 Nc4 27. Bxc4 bxc4 28. Kc2 Be4+ 29. Kb2 Nb6 30. Rc1 Bh6 31. Bxh6 Kxh6 32. g3 Rf8 33. f4 Re8 34. Re1 Kg6 35. Ka2 Bf3 36. Nc2 Rxe1 37. Nxe1 Bd1 38. Kb2 Be2 39. Kc2 Nd5 40. Kd2 Bf1 41. Nc2 Bg2 42. Ne3 Nxe3 43. Kxe3 Kh5 44. Kf2 Bc6 45. h3 Bd5 46. a4 Bc6 47. a5 Bd5 48. Ke3 Bg2 49. Kf2 Bd5 50. Ke3 Bg2 1/2-1/2

[Event "Pan American-ch School U13"]
[Site "Medellin"]
[Date "2019.11.13"]
[Round "3"]
[White "Gonzalez Perez, Juan Pablo"]
[Black "Ponciano Madueno, Luis Felipe"]
[Result "1-0"]
[WhiteElo "1515"]
[BlackElo "1202"]
[PlyCount "89"]
[EventDate "2019.11.12"]
[EventType "swiss"]
[EventRounds "9"]
[EventCountry "COL"]
[SourceTitle "CBM 193 Extra"]
[Source "ChessBase"]
[SourceDate "2020.01.31"]
[SourceVersion "1"]
[SourceVersionDate "2020.01.31"]
[SourceQuality "1"]

1. e4 c5 2. Nf3 d6 3. d4 cxd4 4. Qxd4 Nc6 5. Bb5 Bd7 6. Bxc6 Bxc6 7. Nc3 Nf6 8. Bg5 h6 9. Bxf6 gxf6 10. 0-0-0 Rg8 11. Rhg1 Qb6 12. Qxb6 axb6 13. Rd4 0-0-0 14. Rb4 Kc7 15. Nd5+ Bxd5 16. exd5 Ra8 17. a3 Ra5 18. Rd4 h5 19. c4 Bh6+ 20. Kb1 Rg4 21. Rxg4 hxg4 22. Nd4 Kd7 23. Re1 Ra4 24. b3 Rxa3 25. Re4 Bg5 26. Rxg4 e5 27. dxe6+ fxe6 28. f4 Bxf4 29. Rxf4 e5 30. Rxf6 exd4 31. Kb2 Ra8 32. Rf4 Re8 33. Rf2 Kc6 34. Kc2 Re3 35. g4 Re6 36. g5 Rg6 37. h4 Rg7 38. Kd3 Kd7 39. Kxd4 Kc7 40. Rf4 Kc6 41. Rg4 Rh7 42. g6 Rg7 43. h5 Kd7 44. h6 Rg8 45. h7 1-0

[Event "Pan American-ch School U13"]
[Site "Medellin"]
[Date "2019.11.12"]
[Round "2"]
[White "Ballesteros Cardenas, Leonardo"]
[Black "Gonzalez Perez, Juan Pablo"]
[Result "1-0"]
[WhiteElo "1871"]
[BlackElo "1515"]
[PlyCount "111"]
[EventDate "2019.11.12"]
[EventType "swiss"]
[EventRounds "9"]
[EventCountry "COL"]
[SourceTitle "CBM 193 Extra"]
[Source "ChessBase"]
[SourceDate "2020.01.31"]
[SourceVersion "1"]
[SourceVersionDate "2020.01.31"]
[SourceQuality "1"]

1. d4 Nf6 2. c4 g6 3. Nc3 Bg7 4. e4 d6 5. Nge2 0-0 6. Ng3 h5 7. Be2 h4 8. Nf1 e5 9. d5 a5 10. Bg5 h3 11. g3 Na6 12. Qc2 Nc5 13. Ne3 Qe8 14. Bxf6 Bxf6 15. f3 Bg5 16. Nf1 f5 17. Nd2 Bd7 18. 0-0 Qe7 19. Kh1 Bxd2 20. Qxd2 f4 21. g4 Kg7 22. b3 b6 23. Rab1 Rfb8 24. Rfc1 Qe8 25. Bf1 Qh8 26. Rc2 Qh4 27. Qf2 Rh8 28. Qxh4 Rxh4 29. Nd1 g5 30. Nf2 Rah8 31. Be2 Ra8 32. Nd3 Nxd3 33. Bxd3 Rhh8 34. Bf1 Kf8 35. a3 Ke7 36. Kg1 Ra7 37. Kf2 Raa8 38. Rbc1 Ra7 39. Ra2 Raa8 40. Rca1 Ra7 41. Ke1 Raa8 42. Kd2 Ra7 43. Kc1 Raa8 44. Kb1 Ra7 45. Rc2 Kd8 46. b4 a4 47. Ka2 Ke7 48. Rac1 Rh7 49. c5 bxc5 50. bxc5 dxc5 51. Rxc5 Kd6 52. Bb5 Bxb5 53. Rxb5 Rh8 54. Rc6+ Ke7 55. Re6+ Kf7 56. Rxe5 1-0

[Event "VEN-ch U20"]
[Site "Maracay"]
[Date "2018.05.31"]
[Round "3"]
[White "Escalona Landi, Samid Eduardo"]
[Black "Gonzalez Perez, Juan Pablo"]
[Result "1-0"]
[WhiteElo "2158"]
[BlackElo "1376"]
[PlyCount "51"]
[EventDate "2018.05.31"]
[EventType "swiss"]
[EventRounds "7"]
[EventCountry "VEN"]
[SourceTitle "EXT 2019"]
[Source "ChessBase"]
[SourceDate "2018.10.10"]
[SourceVersion "1"]
[SourceVersionDate "2018.10.10"]
[SourceQuality "1"]

1. Nf3 Nf6 2. g3 d5 3. Bg2 c5 4. c4 e6 5. 0-0 Be7 6. b3 0-0 7. Bb2 Nc6 8. e3 Rb8 9. Nc3 a6 10. cxd5 exd5 11. d4 Be6 12. Rc1 cxd4 13. Nxd4 Bg4 14. Qd2 Qd7 15. f3 Bh3 16. Rfd1 Bxg2 17. Kxg2 Rfd8 18. Nce2 Rbc8 19. a3 h6 20. g4 h5 21. h3 Ne5 22. Nf5 hxg4 23. fxg4 Qe6 24. Nf4 Nf3 25. Nxe6 Nxd2 26. Nxe7+ 1-0